<?xml version="1.0" encoding="UTF-8"?>
<record
    xmlns:xsi="http://www.w3.org/2001/XMLSchema-instance"
    xsi:schemaLocation="http://www.loc.gov/MARC21/slim http://www.loc.gov/standards/marcxml/schema/MARC21slim.xsd"
    xmlns="http://www.loc.gov/MARC21/slim">

  <leader>00601nam a22001577a 4500</leader>
  <controlfield tag="003">OSt</controlfield>
  <controlfield tag="005">20151118154528.0</controlfield>
  <controlfield tag="008">151118b        xxu||||| |||| 00| 0 eng d</controlfield>
  <datafield tag="040" ind1=" " ind2=" ">
    <subfield code="c">RUA</subfield>
  </datafield>
  <datafield tag="082" ind1=" " ind2=" ">
    <subfield code="a">FIS &#x1788;&#x17BB;&#x1793; 1994 B155 Or.1</subfield>
  </datafield>
  <datafield tag="100" ind1=" " ind2=" ">
    <subfield code="9">3883</subfield>
    <subfield code="a">&#x1788;&#x17BB;&#x1793; &#x179C;&#x178E;&#x17D2;&#x178E;&#x17C8;</subfield>
  </datafield>
  <datafield tag="245" ind1=" " ind2=" ">
    <subfield code="a">&#x1780;&#x17B6;&#x179A;&#x179F;&#x17B7;&#x1780;&#x17D2;&#x179F;&#x17B6;&#x1796;&#x17B8;&#x1780;&#x17B6;&#x179A;&#x179C;&#x17B7;&#x1793;&#x17B7;&#x1799;&#x17C4;&#x1782;&#x1791;&#x17BB;&#x1793;&#x1791;&#x17C5;&#x179B;&#x17BE;&#x1780;&#x17B6;&#x179A;&#x1785;&#x17B7;&#x1789;&#x17D2;&#x1785;&#x17B9;&#x1798;&#x178F;&#x17D2;&#x179A;&#x17BC;&#x17B8;&#x1786;&#x17D2;&#x178A;&#x17C4;&#x178F;&#x17B6;&#x1798;&#x1794;&#x17C2;&#x179F;&#x17D2;&#x179A;&#x17BB;&#x1780;&#x1796;&#x1789;&#x17D2;&#x1789;&#x17B6;&#x17AD; &#x1781;&#x17C1;&#x178F;&#x17D2;&#x178F;&#x1780;&#x178E;&#x17D2;&#x178A;&#x17B6;&#x179B;</subfield>
  </datafield>
  <datafield tag="260" ind1=" " ind2=" ">
    <subfield code="a">Phnom Penh</subfield>
    <subfield code="b">RUA</subfield>
    <subfield code="c">1994</subfield>
  </datafield>
  <datafield tag="300" ind1=" " ind2=" ">
    <subfield code="a">88p.</subfield>
    <subfield code="b">ill.</subfield>
    <subfield code="c">29cm.</subfield>
  </datafield>
  <datafield tag="942" ind1=" " ind2=" ">
    <subfield code="2">ddc</subfield>
    <subfield code="c">FIS</subfield>
  </datafield>
  <datafield tag="999" ind1=" " ind2=" ">
    <subfield code="c">3610</subfield>
    <subfield code="d">3610</subfield>
  </datafield>
  <datafield tag="952" ind1=" " ind2=" ">
    <subfield code="0">0</subfield>
    <subfield code="1">0</subfield>
    <subfield code="2">ddc</subfield>
    <subfield code="4">0</subfield>
    <subfield code="6">FIS_&#x1788;&#x17BB;&#x1793;_1994_000000000000000_B155_OR_1</subfield>
    <subfield code="7">0</subfield>
    <subfield code="9">17603</subfield>
    <subfield code="a">LBB</subfield>
    <subfield code="b">LBB</subfield>
    <subfield code="c">B155</subfield>
    <subfield code="d">2015-11-18</subfield>
    <subfield code="o">FIS &#x1788;&#x17BB;&#x1793; 1994 B155 Or.1</subfield>
    <subfield code="p">RUA027019</subfield>
    <subfield code="r">2015-11-18</subfield>
    <subfield code="w">2015-11-18</subfield>
    <subfield code="y">FIS</subfield>
  </datafield>
  <datafield tag="952" ind1=" " ind2=" ">
    <subfield code="0">0</subfield>
    <subfield code="1">0</subfield>
    <subfield code="2">ddc</subfield>
    <subfield code="4">0</subfield>
    <subfield code="6">FIS_&#x1788;&#x17BB;&#x1793;_1994_000000000000000_B155_OR_2</subfield>
    <subfield code="7">0</subfield>
    <subfield code="9">17604</subfield>
    <subfield code="a">LBB</subfield>
    <subfield code="b">LBB</subfield>
    <subfield code="c">B155</subfield>
    <subfield code="d">2015-11-18</subfield>
    <subfield code="o">FIS &#x1788;&#x17BB;&#x1793; 1994 B155 Or.2</subfield>
    <subfield code="p">RUA011920</subfield>
    <subfield code="r">2015-11-18</subfield>
    <subfield code="w">2015-11-18</subfield>
    <subfield code="y">FIS</subfield>
  </datafield>
  <datafield tag="952" ind1=" " ind2=" ">
    <subfield code="0">0</subfield>
    <subfield code="1">0</subfield>
    <subfield code="2">ddc</subfield>
    <subfield code="4">0</subfield>
    <subfield code="6">FIS_&#x1788;&#x17BB;&#x1793;_1994_000000000000000_B155_OR_3</subfield>
    <subfield code="7">0</subfield>
    <subfield code="9">17605</subfield>
    <subfield code="a">LBB</subfield>
    <subfield code="b">LBB</subfield>
    <subfield code="c">B155</subfield>
    <subfield code="d">2015-11-18</subfield>
    <subfield code="o">FIS &#x1788;&#x17BB;&#x1793; 1994 B155 Or.3</subfield>
    <subfield code="p">RUA011782</subfield>
    <subfield code="r">2015-11-18</subfield>
    <subfield code="w">2015-11-18</subfield>
    <subfield code="y">FIS</subfield>
  </datafield>
  <datafield tag="952" ind1=" " ind2=" ">
    <subfield code="0">0</subfield>
    <subfield code="1">0</subfield>
    <subfield code="2">ddc</subfield>
    <subfield code="4">0</subfield>
    <subfield code="6">FIS_&#x1788;&#x17BB;&#x1793;_1994_000000000000000_B155_OR_4</subfield>
    <subfield code="7">0</subfield>
    <subfield code="9">17606</subfield>
    <subfield code="a">LBB</subfield>
    <subfield code="b">LBB</subfield>
    <subfield code="c">B155</subfield>
    <subfield code="d">2015-11-18</subfield>
    <subfield code="o">FIS &#x1788;&#x17BB;&#x1793; 1994 B155 Or.4</subfield>
    <subfield code="p">RUA011637</subfield>
    <subfield code="r">2015-11-18</subfield>
    <subfield code="w">2015-11-18</subfield>
    <subfield code="y">FIS</subfield>
  </datafield>
  <datafield tag="952" ind1=" " ind2=" ">
    <subfield code="0">0</subfield>
    <subfield code="1">0</subfield>
    <subfield code="2">ddc</subfield>
    <subfield code="4">0</subfield>
    <subfield code="6">FIS_&#x1788;&#x17BB;&#x1793;_1994_000000000000000_B155_OR_5</subfield>
    <subfield code="7">0</subfield>
    <subfield code="9">17607</subfield>
    <subfield code="a">LBB</subfield>
    <subfield code="b">LBB</subfield>
    <subfield code="c">B155</subfield>
    <subfield code="d">2015-11-18</subfield>
    <subfield code="o">FIS &#x1788;&#x17BB;&#x1793; 1994 B155 Or.5</subfield>
    <subfield code="p">RUA011847</subfield>
    <subfield code="r">2015-11-18</subfield>
    <subfield code="w">2015-11-18</subfield>
    <subfield code="y">FIS</subfield>
  </datafield>
  <datafield tag="952" ind1=" " ind2=" ">
    <subfield code="0">0</subfield>
    <subfield code="1">0</subfield>
    <subfield code="2">ddc</subfield>
    <subfield code="4">0</subfield>
    <subfield code="6">FIS_&#x1788;&#x17BB;&#x1793;_1994_000000000000000_B155_OR_6</subfield>
    <subfield code="7">0</subfield>
    <subfield code="9">17608</subfield>
    <subfield code="a">LBB</subfield>
    <subfield code="b">LBB</subfield>
    <subfield code="c">B155</subfield>
    <subfield code="d">2015-11-18</subfield>
    <subfield code="o">FIS &#x1788;&#x17BB;&#x1793; 1994 B155 Or.6</subfield>
    <subfield code="p">RUA011549</subfield>
    <subfield code="r">2015-11-18</subfield>
    <subfield code="w">2015-11-18</subfield>
    <subfield code="y">FIS</subfield>
  </datafield>
  <datafield tag="952" ind1=" " ind2=" ">
    <subfield code="0">0</subfield>
    <subfield code="1">0</subfield>
    <subfield code="2">ddc</subfield>
    <subfield code="4">0</subfield>
    <subfield code="6">FIS_&#x1788;&#x17BB;&#x1793;_1994_000000000000000_B155_OR_7</subfield>
    <subfield code="7">0</subfield>
    <subfield code="9">17609</subfield>
    <subfield code="a">LBB</subfield>
    <subfield code="b">LBB</subfield>
    <subfield code="c">B155</subfield>
    <subfield code="d">2015-11-18</subfield>
    <subfield code="o">FIS &#x1788;&#x17BB;&#x1793; 1994 B155 Or.7</subfield>
    <subfield code="p">RUA011710</subfield>
    <subfield code="r">2015-11-18</subfield>
    <subfield code="w">2015-11-18</subfield>
    <subfield code="y">FIS</subfield>
  </datafield>
  <datafield tag="952" ind1=" " ind2=" ">
    <subfield code="0">0</subfield>
    <subfield code="1">0</subfield>
    <subfield code="2">ddc</subfield>
    <subfield code="4">0</subfield>
    <subfield code="6">FIS_&#x1788;&#x17BB;&#x1793;_1994_000000000000000_B155_OR_8</subfield>
    <subfield code="7">0</subfield>
    <subfield code="9">17610</subfield>
    <subfield code="a">LBB</subfield>
    <subfield code="b">LBB</subfield>
    <subfield code="c">B155</subfield>
    <subfield code="d">2015-11-18</subfield>
    <subfield code="o">FIS &#x1788;&#x17BB;&#x1793; 1994 B155 Or.8</subfield>
    <subfield code="p">RUA011566</subfield>
    <subfield code="r">2015-11-18</subfield>
    <subfield code="w">2015-11-18</subfield>
    <subfield code="y">FIS</subfield>
  </datafield>
  <datafield tag="952" ind1=" " ind2=" ">
    <subfield code="0">0</subfield>
    <subfield code="1">0</subfield>
    <subfield code="2">ddc</subfield>
    <subfield code="4">0</subfield>
    <subfield code="6">FIS_&#x1788;&#x17BB;&#x1793;_1994_000000000000000_B155_OR_9</subfield>
    <subfield code="7">0</subfield>
    <subfield code="9">17611</subfield>
    <subfield code="a">LBB</subfield>
    <subfield code="b">LBB</subfield>
    <subfield code="c">B155</subfield>
    <subfield code="d">2015-11-18</subfield>
    <subfield code="o">FIS &#x1788;&#x17BB;&#x1793; 1994 B155 Or.9</subfield>
    <subfield code="p">RUA011984</subfield>
    <subfield code="r">2015-11-18</subfield>
    <subfield code="w">2015-11-18</subfield>
    <subfield code="y">FIS</subfield>
  </datafield>
  <datafield tag="952" ind1=" " ind2=" ">
    <subfield code="0">0</subfield>
    <subfield code="1">0</subfield>
    <subfield code="2">ddc</subfield>
    <subfield code="4">0</subfield>
    <subfield code="6">FIS_&#x1788;&#x17BB;&#x1793;_1994_000000000000000_B155_OR_10</subfield>
    <subfield code="7">0</subfield>
    <subfield code="9">17612</subfield>
    <subfield code="a">LBB</subfield>
    <subfield code="b">LBB</subfield>
    <subfield code="c">B155</subfield>
    <subfield code="d">2015-11-18</subfield>
    <subfield code="o">FIS &#x1788;&#x17BB;&#x1793; 1994 B155 Or.10</subfield>
    <subfield code="p">RUA011914</subfield>
    <subfield code="r">2015-11-18</subfield>
    <subfield code="w">2015-11-18</subfield>
    <subfield code="y">FIS</subfield>
  </datafield>
</record>
